00432nam a2200157Ia 450000500170000000800410001702000150005808200210007324500650009426000360015930000180019565000140021365000100022770000200023770000170025720250115053603.0240331s9999 xx 000 0 und d a8186706089 bMAR24578a305.3 2aA Question of Silence?bThe Sexual Economies of Modern India aNew DelhibKali for Womenc1998 aviii, 412 p., aSexuality aIndia aJohn, M. Eeedt aNair, Jeedt